Statistiques concernant Les 13 départements qui composent la région Occitanie

Cliquez ici pour prendre le quiz!

Statistiques générales

  • Ce quiz a été pris 532 fois
  • Le résultat moyen est 11 sur 13

Statistiques - réponses

Départements% Correct
Hérault
89%
Tarn
87%
Pyrénées Orientales
85%
Aude
84%
Haute-Garonne
84%
Tarn et Garonne
83%
Lot
82%
Ariège
81%
Gard
81%
Aveyron
80%
Gers
79%
Hautes Pyrénées
76%
Lozère
68%

Distribution des résultats

Percentile par nombre de réponses

% des personnes avec chaque résultat

Votre développement - résultats

Vous n’avez pas pris ce quiz